Nuestra misión en Francia / (Record no. 173625)

MARC details
000 -LEADER
campo de control de longitud fija 00772nab a2200205 i 4500
001 - NÚMERO DE CONTROL
campo de control 173625
003 - IDENTIFICADOR DE NÚMERO DE CONTROL
campo de control ES-MaACL
005 - FECHA Y HORA DE LA ÚLTIMA TRANSACCIÓN
campo de control 20240411163029.0
008 - DATOS DE LONGITUD FIJA--INFORMACIÓN GENERAL
campo de control de longitud fija 091216m19661968sp 000 0 spa d
080 ## - NÚMERO DE LA CLASIFICACIÓN DECIMAL UNIVERSAL
Número de la Clasificación Decimal Universal 94(4)"1914/18"
100 1# - ENTRADA PRINCIPAL--NOMBRE DE PERSONA
Nombre de persona Azaña, Manuel,
Fechas asociadas al nombre 1880-1940
9 (RLIN) 24223
245 10 - MENCIÓN DEL TÍTULO
Título Nuestra misión en Francia /
Mención de responsabilidad, etc. Manuel Azaña.
610 24 - PUNTO DE ACCESO ADICIONAL DE MATERIA--NOMBRE DE ENTIDAD CORPORATIVA
Nombre de entidad corporativa o nombre de jurisdicción como elemento de entrada Ateneo de Madrid-
Subdivisión de forma Obras digitalizadas.
9 (RLIN) 1930
650 #4 - PUNTO DE ACCESO ADICIONAL DE MATERIA--TÉRMINO DE MATERIA
Término de materia o nombre geográfico como elemento de entrada Guerra mundial, 1914-1918
9 (RLIN) 13212
773 0# - ASIENTO DE ITEM FUENTE
Título Obras completas / Manuel Azaña,
Lugar, editor y fecha de publicación México : Oasis, 1966-1968,
Parte(s) relacionada(s) v. 1, p. 116-129
Número bibliográfico anfitrión 27170
Número de ítem anfitrión 28197
Número de control del registro 27170
856 ## - LOCALIZACIÓN Y ACCESO ELECTRÓNICOS
Identificador Uniforme de Recursos <a href="http://www.ateneodemadrid.com/biblioteca_digital/folletos/Discursos-001.pdf">http://www.ateneodemadrid.com/biblioteca_digital/folletos/Discursos-001.pdf</a>
Nota pública Ver documento
942 ## - ELEMENTOS DE ENTRADA SECUNDARIOS (KOHA)
Tipo de ítem Koha Capítulo de libro
Fuente del sistema de clasificación o colocación Clasificación decimal universal

No items available.